LIBRARY & INFORMATION CENTRE, KCAET, TAVANUR

ONLINE PUBLIC ACCESS CATALOGUE (OPAC)

Advances in transport processes / (Record no. 9181)

MARC details
000 -LEADER
fixed length control field 00465cam a2200181ua 4500
041 ## - LANGUAGE CODE
Language code of text/sound track or separate title eng
082 ## - DEWEY DECIMAL CLASSIFICATION NUMBER
Classification number 621.4021
Item number MUJ/AD
100 ## - MAIN ENTRY--AUTHOR NAME
Personal name Mujumdar, Arun S .
245 ## - TITLE STATEMENT
Title Advances in transport processes /
260 ## - PUBLICATION, DISTRIBUTION, ETC. (IMPRINT)
Place of publication New Delhi :
Name of publisher Wiley Eastern Ltd ,
Year of publication 1982.
300 ## - PHYSICAL DESCRIPTION
Number of Pages 430 ; .
700 1# - ADDED ENTRY--PERSONAL NAME
Personal name Mashelkar, R.A .
942 ## - ADDED ENTRY ELEMENTS (KOHA)
Koha item type Books
Holdings
Withdrawn status Lost status Damaged status Home library Current library Date acquired Full call number Accession Number Koha item type
      KAUAET KAUAET 07/04/2012 621.4021 19971 Books
free website counter